Statistics for Young Adult novels by plot

Click here to take the quiz!

General Stats

  • This quiz has been taken 140 times
  • The average score is 9 of 20

Answer Stats

HintAnswer% Correct
A boy who lives with his aunt and uncle learns that his parents were wizards, and he can become one too.Harry Potter and the Philosopher's Stone
94%
Teenage girl from a poor district volunteers to compete in a fight to the death for rich people's entertainment.The Hunger Games
90%
Teenage girl moves to Washington and falls in love with a sparkly vampire.Twilight
88%
Two teenage cancer patients fall in love and travel to Amsterdam to meet a reclusive author.The Fault in Our Stars
86%
Cyborg girl is invited to the ball, dances with the prince, and accidentally leaves her foot behind.Cinder
72%
Four best friends find a pair of jeans that somehow fits them all, so they decide to share the pants over the summer.The Sisterhood of the Traveling Pants
66%
A 16 year-old African-American girl witnesses the shooting of her close friend by police during a traffic stop, and must decide whether to speak out.The Hate U Give
55%
A tween boy is chosen to receive memories of experiences that his community is no longer allowed to have.The Giver
47%
Teenage girl eagerly awaits the day she turns 16 and is surgically transformed into one of society's beautiful people, but is forced to infiltrate a group of people who have refused the operation.Uglies
46%
Fanfiction writer struggles as a college freshman thanks to social anxiety and growing apart from her twin sister.Fangirl
43%
A 17 year-old girl spends summer vacation on her family's private island, tries to rediscover her lost memories of two summers before and learn why her cousins won't tell her what happened.We Were Liars
42%
Conflict between two gangs - Greasers and Socs - continues to escalate with deadly consequences.The Outsiders
34%
A person wakes up every day in the body of a different person, and then falls in love with one of those people's girlfriends.Every Day
29%
A young boy attends a prestigious Battle School to learn how to defeat alien invaders.Ender's Game
26%
A freshman is ostracized by other students after she calls the police at a party, over an incident she doesn't want to talk about.Speak
14%
Boy from a town of all men who can hear each other's thoughts runs away and meets a girl from another planet.The Knife of Never Letting Go
11%
A teenage girl, her older brother, and a rogue princess try to return magic to the land, but are pursued by the crown prince who is trying to stop them.Children of Blood and Bone
10%
A British spy is captured in Nazi-occupied France and forced to write out her confession.Code Name Verity
5%
A high school senior has sex for the first time with her boyfriend, but discovers over the summer that their relationship will not last forever after all.Forever
3%
Freshman student refuses to sell chocolates for a school fundraiser, despite bullying and abuse from both students and school officials.The Chocolate War
3%

Score Distribution

Percentile by Number Answered

Percent of People with Each Score

Your Score History

You have not taken this quiz